| 000 | 01544cam a22001934a 4500 | ||
|---|---|---|---|
| 005 | 20250605164225.0 | ||
| 008 | 250528s ||||||||||||||||||||||||d | ||
| 035 | _a20826 | ||
| 020 | _a9789609879439 | ||
| 040 |
_aGR-AtMCL _bgre _dGR-AtMCL _eAACR2 |
||
| 245 | 1 | _aΕγχειρίδιο Εκπαίδευσης στα Ανθρώπινα Δικαιώματα για Παιδιά / Μικρή Πυξίδα - Compasito | |
| 260 |
_bCompasito, _c2015 |
||
| 300 | _a336 | ||
| 520 | _aΤο βιβλίο περιέχει 40 δραστηριότητες για να εντοπίσουν τα παιδιά ζητήματα ανθρώπινων δικαιωμάτων μέσα στο ίδιο τους το περιβάλλον. Πρόλογος, Εισαγωγή, Εισαγωγή στα Ανθρώπινα δικαιώματα, Τι Είναι τα Ανθρώπινα δικαιώματα;, Τι Είναι τα Δικαιώματα των Παιδιών, Τι είναι Εκπαίδευση στα Ανθρώπινα Δικαιώματα, Εισαγωγή στην Εκπαίδευση στα Ανθρώπινα δικαιώματα, Η Εκπαίδευση στα Ανθρώπινα δικαιώματα σε ένα Διεθνές Πλαίσιο, Πως να χρησιμοπιείτε το Compasito, Ξεκινώντας με το το Compasito, Ο Στόχος του το Compasito, Δραστηριότητες, Θέματα, Παραρτήματα. | ||
| 700 | 1 |
_aFlowers Nancy _96797 |
|
| 942 | _cBK | ||
| 999 |
_c5908 _d5908 |
||